00367nam a22001337a 4500003000900000005001700009008004100026040002300067050001000090082000700100100002100107245009600128526000900224BD-DhUIB20251013184523.0251013b |||||||| |||| 00| 0 eng d aBD-DhUIBcBD-DhUIB a174.4 222 aBrown, Marvin T. aCorporate integrity:brethinking organizational ethics and leadership/cby Marvin T. Brown. aBBA.